Power Rangers - Statistics

General Stats
  • This quiz has been taken 1,867 times
    1,438 since last reset
  • The average score is 56 of 134
Answer Stats
Hint Answer % Correct
Mighty Morphin' Green Ranger Thomas "Tommy" Oliver
89%
SPD Yellow Ranger Elizabeth "Z" Delgado
88%
Mighty Morphin' Red Ranger Jason Lee Scott
87%
Mighty Morphin' Blue Ranger Ranger William "Billy" Cranston
86%
Mighty Morphin' Pink Ranger Kimberly Heart
84%
Mighty Morphin' Black Ranger Zachary "Zack" Taylor
78%
Mighty Morphin' Yellow Ranger Trini Kwan
76%
2nd Mighty Morphin' Pink Ranger Katherine "Kat" Hillard
71%
SPD Kat Ranger Kat Manx
71%
2nd Mighty Morphin' Black Ranger Adam Park
68%
2nd Mighty Morphin' Red Ranger Rocky DeSantos
68%
Magna Defender Michael "Mike" Corbett
61%
Green Samurai Ranger Mike
61%
Blue Dino Ranger Ethan James
59%
2nd Mighty Morphin' Yellow Ranger Aisha Campbell
58%
SPD Red Ranger Jack Landors
58%
Red Samurai Ranger Jayden Shiba
58%
Red Space Ranger Andros
57%
2nd Red Turbo Ranger Theodore Jay "TJ" Jarvis Johnson
56%
Jungle Fury Wolf Ranger Robert "RJ" James
55%
Time Force Red Wesley "Wes" Collins
54%
Blue Turbo Ranger Justin Stewart
53%
Red Dino Ranger Conner McKnight
52%
Time Force Blue Lucas Kendall
51%
SPD Blue Ranger Schuyler "Sky" Tate
51%
Green Samurai Ranger Cameron "Cam" Watanabe
50%
Red Galaxy Ranger Leo Corbett
50%
Pink Samurai Ranger Mia Watanabe
50%
Red Mystic Ranger Nick Russell
50%
(Super) Megaforce Red Troy Burrows
50%
Yellow Wind Ranger Waldo "Dustin" Brooks
50%
2nd Green Turbo Ranger Carlos Vallerte
49%
Red Wild Force Ranger Cole Evans
49%
Time Force Pink Jennifer "Jen" Scotts
49%
Blue Samurai Ranger Kevin
49%
Red Wind Ranger Shane Clarke
49%
Gold Samurai Ranger Antonio Garcia
48%
Yellow Samurai Ranger Emily
48%
Yellow Dino Ranger Kira Ford
48%
SPD Shadow Ranger Anubis "Doggie" Cruger
47%
(Super) Megaforce Pink Emma Goodall
47%
Quantum Ranger Eric Myers
47%
(Super) Megaforce Yellow Gia Moran
47%
White Dino Ranger Trent Fernandez-Mercer
47%
Blue Wind Ranger Victoria "Tori" Hanson
47%
Red Lightspeed Ranger Carter Grayson
46%
Jungle Fury Red Ranger Casey Rhodes
46%
(Super) Megaforce (Green) Black Jake Holling
46%
Dino Charge Red Ranger Tyler Navarro
46%
2nd Yellow Turbo Ranger Ashley Hammond
45%
Navy Thunder Ranger Blake Bradley
45%
SPD Green Ranger Bridge Carson
45%
Blue Wild Force Ranger Max Cooper
45%
Yellow Zeo Ranger Tanya Sloan
45%
Yellow Mystic Ranger Charlie "Chip" Thorne
44%
Black Wild Force Ranger Danny Delgado
44%
SPD Omega Ranger Sam
44%
Green Mystic Ranger Alexander "Xander" Bly
43%
Dino Charge Blue Ranger Koda
43%
(Super) Megaforce Blue Noah Carver
43%
2nd Pink Turbo Ranger Cassie Chan
42%
Crimson Thunder Ranger Hunter Bradley
42%
Pink Galaxy Ranger Kendrix Morgan
42%
Yellow Wild Force Ranger Taylor Earhardt
42%
Jungle Fury Blue Ranger Theo Martin
42%
Time Force Green Trip
42%
Dino Charge Pink Ranger Shelby Watkins
41%
Red Overdrive Ranger Mackenzie "Mack" Hartford
40%
Lunar Wolf Ranger Merrick Baliton
40%
SPD Pink Ranger Sydney "Syd" Drew
40%
Dino Charge Black Ranger Chase Randall
39%
Blue Galaxy Ranger Kai Chen
39%
Dino Charge Purple Ranger Kendall Morgan
39%
Jungle Fury Yellow Ranger Lily Chilman
39%
Yellow Galaxy Ranger Maya
39%
Super Megaforce Silver Orion
39%
Ranger Operator Series Red Scott Truman
39%
Jungle Fury Rhino Ranger Dominic Hargan
38%
2nd Red Samurai Ranger Lauren Shiba
38%
Blue Mystic Ranger Madison "Maddy" Rocca
38%
Dino Charge Green Ranger Riley Griffin
38%
Titanium Ranger Ryan Mitchell
38%
Dino Charge Gold Ranger Sir Ivan of Zandar
37%
Silver Space Ranger Zhane
37%
Ranger Operator Series Green Ziggy Grover
37%
Blue Lightspeed Ranger Chad Lee
36%
Green Galaxy Ranger Damon Henderson
36%
Pink Lightspeed Ranger Dana Mitchell
36%
White Mystic Ranger Udonna
36%
Pink Mystic Ranger Vida "V" Rocca
36%
Ranger Operator Series Gold Gem
35%
Ranger Operator Series SIlver Gemma
35%
2nd Pink Galaxy Ranger Karone
35%
Ranger Operator Series Black Dillon
34%
Black Overdrive Ranger Will Aston
34%
White Wild Force Ranger Alyssa Enrilé
33%
Blue Overdrive Ranger Dax Lo
33%
Dino Charge Aqua Ranger James Navarro
33%
Ranger Operator Series Yellow Summer Landsdown
33%
Gold Ranger Trey of Triforia
33%
Green Lightspeed Ranger Joel Rawlings
32%
Time Force Yellow Katie Walker
32%
White Alien Ranger Delphine
31%
Ninja Steel Red Ranger Brody Romero
30%
Ranger Operator Series Blue Flynn McAllister
29%
Solaris Knight Daggeron
28%
Yellow Lightspeed Ranger Kelsey Winslow
28%
Dino Charge Graphite Ranger Prince Phillip III
28%
Pink Overdrive Ranger Rose Ortiz
28%
Red Alien Ranger Aurico
27%
Dino Fury Red Ranger/ Cosmic Fury Zenith Zayto
27%
Ninja Steel Pink Ranger Sarah Thompson
26%
Yellow Overdrive Ranger Veronica "Ronny" Robinson
26%
Ninja Steel Gold Ranger Aiden Romero/Levi Weston
25%
Ninja Steel Blue Ranger Preston Tien
25%
Dino Fury Pink Ranger/Cosmic Fury Red Ranger Amelia Jones
24%
Dino Fury/Cosmic Fury Green Ranger Izzy Garcia
24%
Wolf Warrior Leanbow
24%
Blue Beast Morpher Ranger Ravi Shaw
24%
Mercury Ranger Tyzonn
23%
Dino Charge Silver Ranger Zenowing
23%
Ninja Steel Yellow Ranger Calvin Maxwell
22%
Gold Beast Morpher Ranger Nathan "Nate" Silva
22%
Dino Fury/Cosmic Fury Blue Ranger Ollie Akana
22%
Blue Alien Ranger Cestro
21%
Red Beast Morpher Ranger Devon Daniels
21%
Ninja Steel White Ranger Hayley Foster
21%
Silver Beast Morpher Ranger Steel
21%
Yellow Alien Ranger Tideus
21%
Black Alien Ranger Corcus
20%
Yellow Beast Morpher Ranger Zoey Reeves
19%
Cosmic Fury Orange Ranger Fern
18%
Dino Fury/Cosmic Fury Gold Ranger Aiyon
17%
Dino Fury/Cosmic Fury Black Ranger Javier Garcia
13%
No matching quizzes found
Score Distribution
Percent of People with Each Score
Percentile by Number Answered
Your Score History
You have not taken this quiz since the last reset